MARC details
| 000 -LEADER |
| fixed length control field |
01178nam a2200253 4500 |
| 003 - CONTROL NUMBER IDENTIFIER |
| control field |
OSt |
| 005 - DATE AND TIME OF LATEST TRANSACTION |
| control field |
20260506075758.0 |
| 008 - FIXED-LENGTH DATA ELEMENTS--GENERAL INFORMATION |
| fixed length control field |
260506s2000 le fre u |
| 040 ## - CATALOGING SOURCE |
| Original cataloging agency |
LB-BrCRDP |
| 041 ## - LANGUAGE CODE |
| Language code of text/sound track or separate title |
Fre. |
| 082 1# - DEWEY DECIMAL CLASSIFICATION NUMBER |
| Classification number |
CRDP 373.7 SV. Guide EB12LH-SE |
| 100 1# - MAIN ENTRY--PERSONAL NAME |
| Personal name |
YAGHI, Moustapha |
| 110 ## - MAIN ENTRY--CORPORATE NAME |
| Relator code |
République Libanaise Ministère de l'Education Nationale de la jeunesse et des sports |
| 9 (RLIN) |
31 |
| 245 10 - TITLE STATEMENT |
| Title |
Sciences de la vie enseignement secondaire troisième année Séries lettres et Humanités Sociologie et Economie Guide Pédagogique |
| Statement of responsibility, etc. |
Moustapha YAGHI, Ramez CHAHINE, Pierre ZALLOUHA |
| 260 ## - PUBLICATION, DISTRIBUTION, ETC. |
| Place of publication, distribution, etc. |
Beyrouth |
| Name of publisher, distributor, etc. |
Centre de Recherche et de Développement Pédagogiques |
| Date of publication, distribution, etc. |
2000 |
| 300 ## - PHYSICAL DESCRIPTION |
| Extent |
96 p. |
| Dimensions |
19*27 cm. |
| 490 0# - SERIES STATEMENT |
| Series statement |
Le Livre Scolaire National |
| 650 4# - SUBJECT ADDED ENTRY--TOPICAL TERM |
| Topical term or geographic name entry element |
Sciences de la vie-- Etude et enseignement (Secondaire EB12) -- Guide Pédagogique |
| 650 4# - SUBJECT ADDED ENTRY--TOPICAL TERM |
| Topical term or geographic name entry element |
Séries lettres et Humanités--Guide Pédagogique--Sciences de la vie-- Etude et enseignement (Secondaire EB12) |
| 650 4# - SUBJECT ADDED ENTRY--TOPICAL TERM |
| Topical term or geographic name entry element |
Séries Economie--Guide Pédagogique--Sciences de la vie-- Etude et enseignement (Secondaire EB12) |
| 700 1# - ADDED ENTRY--PERSONAL NAME |
| Personal name |
CHAHINE, Ramez |
| 700 1# - ADDED ENTRY--PERSONAL NAME |
| Personal name |
ZALLOUHA, Pierre |
| 942 ## - ADDED ENTRY ELEMENTS (KOHA) |
| Koha item type |
Books |
| Source of classification or shelving scheme |
Dewey Decimal Classification |